[Event "Dresden ZMD op"]
[Site "Dresden"]
[Date "2010.07.12"]
[Round "3"]
[White "Amos, Frank"]
[Black "Gast, Volker"]
[Result "1-0"]
[WhiteElo "2141"]
[BlackElo "1673"]
[PlyCount "39"]
[EventDate "2010.07.10"]
[EventType "swiss"]
[EventRounds "9"]
[EventCountry "GER"]
[SourceTitle "CBM 137 Extra"]
[Source "ChessBase"]
[SourceDate "2010.09.01"]
[SourceVersion "1"]
[SourceVersionDate "2010.09.01"]
[SourceQuality "1"]

1. e4 c6 2. d4 d5 3. f3 e6 4. Be3 dxe4 5. fxe4 Qh4+ 6. g3 Qxe4 7. Qe2 Qd5 8. Nf3 Qa5+ 9. Nbd2 Nd7 10. c3 Bd6 11. Nc4 Qc7 12. Nxd6+ Qxd6 13. Nd2 Ngf6 14. Nc4 Qe7 15. Bf4 Nd5 16. Bd6 Qg5 17. Ba3 Qf6 18. Bg2 b5 19. Nd6+ Kd8 20. Rf1 1-0

[Event "Wichern op 5th"]
[Site "Hamburg"]
[Date "1999.10.15"]
[Round "1"]
[White "Gast, Volker"]
[Black "Thalwitzer, David"]
[Result "0-1"]
[WhiteElo "1616"]
[BlackElo "2136"]
[PlyCount "102"]
[EventDate "1999.10.15"]
[EventType "swiss"]
[EventRounds "9"]
[EventCountry "GER"]
[SourceTitle "EXT 2001"]
[Source "ChessBase"]
[SourceDate "2000.11.22"]
[SourceVersion "1"]
[SourceVersionDate "2000.11.22"]
[SourceQuality "1"]

1. c4 Nf6 2. Nc3 d6 3. e3 c5 4. Nf3 g6 5. g3 Bg7 6. Bg2 0-0 7. d3 Nc6 8. a3 Rb8 9. Rb1 a6 10. 0-0 b5 11. Nd2 Ne5 12. Qc2 bxc4 13. Nxc4 Nxc4 14. dxc4 Qc7 15. e4 Be6 16. Nd5 Nxd5 17. exd5 Bf5 18. Be4 Bxe4 19. Qxe4 Rb7 20. Re1 Rfb8 21. b4 cxb4 22. axb4 Rxb4 23. Rxb4 Rxb4 24. Qxe7 Qxe7 25. Rxe7 Bf6 26. Re8+ Kg7 27. Re1 Rxc4 28. Bf4 Rd4 29. Bxd6 Rxd5 30. Ba3 a5 31. Re8 Bc3 32. Ra8 Kf6 33. Bf8 Rb5 34. Ra6+ Kf5 35. Kg2 h5 36. Be7 Rb2 37. Bc5 Ra2 38. Ra7 f6 39. h4 Ra1 40. Ra6 Ra2 41. Be7 Bd4 42. Kh3 a4 43. f3 Ra1 44. Kg2 Bb2 45. Bb4 a3 46. Ra5+ Ke6 47. g4 a2 48. gxh5 gxh5 49. Kf2 Bd4+ 50. Ke2 Be5 51. Kd2 Rh1 0-1